00795nam a2200229 a 4500999001500000001000500015003000900020005001700029008004100046040003800087082002400125245006300149260004500212300002200257504004100279505001100320650004300331700002300374710002700397942001500424952012600439 c1877d18779569BD-DhUAP20210127094027.0200216s1993 bg b 00| 0 eng d aBD-DhUAPcBD-DhUAPbEngdBD-DhUAP00223a348.5492046 BAN aBangladesh legal decisions /cedited by Kazi Ebadul Hoque. aDhaka :bBangladesh bar council,cc1987. avolumes ;c24 cm. aIncludes bibliographical references. aV. 7-- aLaw reports, digests, etczBangladesh. aHoque, Kazi Ebadul aBangladesh Bar Council00012ddccBK 00102ddc4070aUAPCLbUAPCLcGeneral Stacksd2020-02-17o348.5492046 BAN V-7p3010009569r2020-02-17t1w2020-02-17yBK